[Event "POL-ch U18 Girls"]
[Site "Murzasichle"]
[Date "2011.03.09"]
[Round "6"]
[White "Sieliwonik, Katarzyna"]
[Black "Dobrzanska, Joanna"]
[Result "1-0"]
[WhiteElo "1645"]
[BlackElo "1596"]
[PlyCount "69"]
[EventDate "2011.03.05"]
[EventType "swiss"]
[EventRounds "9"]
[EventCountry "POL"]
[SourceTitle "EXT 2012"]
[Source "ChessBase"]
[SourceDate "2011.11.24"]
[SourceVersion "1"]
[SourceVersionDate "2011.11.24"]
[SourceQuality "1"]

1. e4 c5 2. Nf3 Nc6 3. d4 cxd4 4. Nxd4 Nf6 5. Nc3 e5 6. Ndb5 d6 7. a4 a6 8. Na3 Be7 9. Bc4 Be6 10. 0-0 0-0 11. Re1 Qc7 12. Bg5 Nd4 13. Bxf6 Bxf6 14. Nd5 Bxd5 15. Bxd5 Ne6 16. c3 Nf4 17. Nc2 Nxd5 18. Qxd5 Qc6 19. Nb4 Qxd5 20. Nxd5 Bg5 21. Rad1 f5 22. Nc7 Rac8 23. Ne6 Rf6 24. Nxg5 f4 25. Nf3 h6 26. Rd3 Re6 27. Nd2 Kf7 28. b3 b5 29. axb5 axb5 30. Ra1 Rg6 31. Ra7+ Ke8 32. Rb7 Rc5 33. b4 Rc6 34. Rxb5 Kd7 35. Rxe5 1-0

[Event "POL-ch U18 Girls"]
[Site "Murzasichle"]
[Date "2011.03.07"]
[Round "3"]
[White "Dabrowska, Paula"]
[Black "Sieliwonik, Katarzyna"]
[Result "1-0"]
[WhiteElo "1506"]
[BlackElo "1645"]
[PlyCount "119"]
[EventDate "2011.03.05"]
[EventType "swiss"]
[EventRounds "9"]
[EventCountry "POL"]
[SourceTitle "EXT 2012"]
[Source "ChessBase"]
[SourceDate "2011.11.24"]
[SourceVersion "1"]
[SourceVersionDate "2011.11.24"]
[SourceQuality "1"]

1. e4 c5 2. Nf3 Nc6 3. d4 cxd4 4. Nxd4 g6 5. Nc3 Bg7 6. Be3 Nf6 7. Bc4 0-0 8. 0-0 d6 9. h3 Na5 10. Bd3 b6 11. f4 Bb7 12. g4 Kh8 13. g5 Nd7 14. h4 Nc5 15. h5 Nxd3 16. cxd3 Qd7 17. h6 Bxd4 18. Bxd4+ Kg8 19. Qf3 f5 20. gxf6 exf6 21. f5 Nc6 22. Ne2 Ne5 23. Qg3 g5 24. Nf4 Kh8 25. Ne6 Rfc8 26. Rf2 Ba6 27. Bxe5 dxe5 28. Rd1 Bc4 29. Ng7 Bxa2 30. Nh5 Qf7 31. Ng7 Bb3 32. Rdd2 Rd8 33. Qe3 Rd4 34. Qf3 Rd6 35. Rf1 Rad8 36. Rc1 Qd7 37. Rc3 Bf7 38. Qd1 Rc6 39. Rxc6 Qxc6 40. Kg2 Rc8 41. Kf3 Kg8 42. d4 exd4 43. Rxd4 Rf8 44. Rd8 Qc5 45. Qd7 Rxd8 46. Qxd8+ Qf8 47. Qxf6 Bb3 48. Qxg5 Bd1+ 49. Kg2 Kh8 50. Ne6 Qg8 51. Qg7+ Qxg7+ 52. Nxg7 Kg8 53. e5 Kf7 54. Kf2 a5 55. Ke3 b5 56. Kd3 a4 57. Kc3 Bb3 58. Nh5 Bc4 59. Nf6 Bf1 60. Nxh7 1-0

[Event "POL-ch U18 Girls"]
[Site "Murzasichle"]
[Date "2011.03.07"]
[Round "4"]
[White "Sieliwonik, Katarzyna"]
[Black "Przybylska, Agata"]
[Result "1-0"]
[WhiteElo "1645"]
[BlackElo "1586"]
[PlyCount "103"]
[EventDate "2011.03.05"]
[EventType "swiss"]
[EventRounds "9"]
[EventCountry "POL"]
[SourceTitle "EXT 2012"]
[Source "ChessBase"]
[SourceDate "2011.11.24"]
[SourceVersion "1"]
[SourceVersionDate "2011.11.24"]
[SourceQuality "1"]

1. e4 e6 2. d4 d5 3. Nc3 Nf6 4. Bg5 Be7 5. e5 Nfd7 6. Bxe7 Qxe7 7. f4 Nb6 8. Nf3 Bd7 9. Bd3 Nc6 10. a3 h6 11. Qd2 0-0-0 12. 0-0-0 a6 13. Kb1 Na5 14. Nxd5 Nxd5 15. Qxa5 Nxf4 16. Be4 Bb5 17. g3 Nd5 18. Bd3 Bc6 19. Rhe1 Qd7 20. Nd2 Ne7 21. Nb3 Nf5 22. Be4 Bxe4 23. Rxe4 Qc6 24. Ree1 Rd5 25. Qd2 Rhd8 26. Qf2 Qc4 27. Re4 c5 28. Rd3 Qa4 29. Rc3 b6 30. Rf4 c4 31. Nd2 b5 32. Nf3 Qa5 33. g4 g5 34. Re4 Ne7 35. h4 Qb6 36. hxg5 hxg5 37. Nxg5 Rxd4 38. Rxd4 Qxd4 39. Qxf7 Nd5 40. Qxe6+ Kb8 41. Rh3 c3 42. Qxa6 Qd1+ 43. Ka2 Qxc2 44. Qxb5+ Kc8 45. Rh7 Qxb2+ 46. Qxb2 cxb2 47. Kxb2 Rg8 48. Nf7 Rxg4 49. Nd6+ Kd8 50. e6 Rg2+ 51. Kc1 Re2 52. Rd7# 1-0

[Event "POL-ch qual U17 Girls"]
[Site "Lublin"]
[Date "2010.09.23"]
[Round "4.2"]
[White "Major, Katarzyna"]
[Black "Sieliwonik, Katarzyna"]
[Result "1-0"]
[WhiteElo "1693"]
[BlackElo "1666"]
[PlyCount "67"]
[EventDate "2010.09.22"]
[EventType "tourn"]
[EventRounds "8"]
[EventCountry "POL"]
[SourceTitle "EXT 2023"]
[Source "ChessBase"]
[SourceDate "2022.10.05"]
[SourceVersion "1"]
[SourceVersionDate "2022.10.05"]
[SourceQuality "1"]

1. d4 d5 2. c4 e6 3. Nc3 Nf6 4. Nf3 Nbd7 5. Bg5 Be7 6. e3 a6 7. Bd3 dxc4 8. Bxc4 b5 9. Be2 Bb7 10. 0-0 0-0 11. a3 c5 12. Rc1 Rc8 13. dxc5 Nxc5 14. Nd4 Qb6 15. Bf3 Bxf3 16. Nxf3 Rfd8 17. Qe2 h6 18. Bh4 Qb7 19. Rfd1 Nce4 20. Nxe4 Nxe4 21. Bxe7 Qxe7 22. Rxd8+ Qxd8 23. Rxc8 Qxc8 24. h3 Qc1+ 25. Kh2 Qc7+ 26. g3 Nd6 27. Nd4 Qc4 28. Qf3 Qf1 29. Nc6 Qc1 30. Ne7+ Kf8 31. Ng6+ Kg8 32. Qa8+ Nc8 33. Ne7+ Kh7 34. Qxc8 1-0

[Event "POL-ch qual U17 Girls"]
[Site "Lublin"]
[Date "2010.09.22"]
[Round "1.2"]
[White "Sieliwonik, Katarzyna"]
[Black "Dabrowska, Paula"]
[Result "1/2-1/2"]
[WhiteElo "1666"]
[BlackElo "1493"]
[PlyCount "93"]
[EventDate "2010.09.22"]
[EventType "tourn"]
[EventRounds "8"]
[EventCountry "POL"]
[SourceTitle "EXT 2023"]
[Source "ChessBase"]
[SourceDate "2022.10.05"]
[SourceVersion "1"]
[SourceVersionDate "2022.10.05"]
[SourceQuality "1"]

1. e4 c5 2. Nf3 d6 3. d4 cxd4 4. Nxd4 Nf6 5. Nc3 a6 6. Be3 e5 7. Nf3 Be6 8. Ng5 Be7 9. Nxe6 fxe6 10. Bc4 Qc8 11. Bb3 Nc6 12. 0-0 b5 13. a4 b4 14. Nb1 Na5 15. Ba2 Nc4 16. Bxc4 Qxc4 17. f3 0-0 18. c3 bxc3 19. Nxc3 Rab8 20. Qd2 Qb4 21. Rab1 Rfd8 22. Qe2 d5 23. Bd2 Qb6+ 24. Kh1 d4 25. Nd1 Qc6 26. b3 Rd7 27. Nf2 Rdb7 28. Rfc1 Qd6 29. Qc4 Ne8 30. Ba5 Bd8 31. Bxd8 Rxd8 32. Qc6 Qxc6 33. Rxc6 Rd6 34. Rxd6 Nxd6 35. Nd3 Nf7 36. Kg1 Kf8 37. Nc5 Ra7 38. Nxe6+ Kg8 39. Kf2 Nd6 40. Ke2 Kf7 41. Nc5 Ne8 42. Kd3 Ke7 43. Rc1 Kd6 44. Rc2 a5 45. Kc4 Nc7 46. g3 g5 47. Kd3 1/2-1/2

[Event "Bialystok-ch U20"]
[Site "Bialystok"]
[Date "2010.01.27"]
[Round "5"]
[White "Sieliwonik, Katarzyna"]
[Black "Milewski, Karol"]
[Result "1-0"]
[WhiteElo "1639"]
[BlackElo "1706"]
[PlyCount "69"]
[EventDate "2010.01.25"]
[EventType "swiss"]
[EventRounds "9"]
[EventCountry "POL"]
[SourceTitle "EXT 2012"]
[Source "ChessBase"]
[SourceDate "2011.11.24"]
[SourceVersion "1"]
[SourceVersionDate "2011.11.24"]
[SourceQuality "1"]

1. e4 d6 2. d4 Nf6 3. Nc3 g6 4. f3 Bg7 5. Be3 0-0 6. Qd2 Nc6 7. g4 a6 8. h4 e5 9. d5 Nd4 10. Nce2 c5 11. dxc6 Nxc6 12. 0-0-0 Be6 13. Qxd6 Qa5 14. Nc3 Nd4 15. a3 Rfd8 16. Qb4 Qxb4 17. axb4 b5 18. Nce2 Ne8 19. Nxd4 exd4 20. Bf2 Rac8 21. Bd3 Nd6 22. Ne2 Nc4 23. Bxc4 Rxc4 24. c3 Rdc8 25. Nxd4 Rxb4 26. Nxe6 fxe6 27. Rd6 Ra4 28. Rhd1 Ra1+ 29. Kc2 Rxd1 30. Kxd1 Kf7 31. Rxa6 Rb8 32. Ra7+ Kg8 33. Kc2 b4 34. Bd4 e5 35. Rxg7+ 1-0

[Event "Bialystok-ch U20"]
[Site "Bialystok"]
[Date "2010.01.26"]
[Round "3"]
[White "Sieliwonik, Katarzyna"]
[Black "Wasiluk, Robert"]
[Result "1-0"]
[WhiteElo "1639"]
[BlackElo "1704"]
[PlyCount "89"]
[EventDate "2010.01.25"]
[EventType "swiss"]
[EventRounds "9"]
[EventCountry "POL"]
[SourceTitle "EXT 2012"]
[Source "ChessBase"]
[SourceDate "2011.11.24"]
[SourceVersion "1"]
[SourceVersionDate "2011.11.24"]
[SourceQuality "1"]

1. e4 c6 2. d4 d5 3. Nc3 dxe4 4. Nxe4 Bf5 5. Ng3 Bg6 6. h4 h6 7. Nf3 Nd7 8. h5 Bh7 9. Bd3 Bxd3 10. Qxd3 Ngf6 11. Bf4 e6 12. 0-0-0 Be7 13. Ne4 Nxe4 14. Qxe4 Nf6 15. Qe2 Qd5 16. c4 Qf5 17. Qe5 Qe4 18. Be3 Rd8 19. Qc7 Bd6 20. Qxb7 Rb8 21. Qa6 0-0 22. Nd2 Qf5 23. Qxc6 Bb4 24. Qa4 Ne4 25. f3 Ng3 26. Rhe1 Qd3 27. Qc2 Ne2+ 28. Kb1 Qxe3 29. Nf1 Nc3+ 30. Ka1 Qg5 31. bxc3 Ba3 32. Rb1 Qa5 33. Nd2 Rb6 34. c5 Rxb1+ 35. Rxb1 Qa6 36. Rb3 Rd8 37. Nb1 Bxc5 38. dxc5 Qc4 39. Qf2 a5 40. Nd2 Qf4 41. Ne4 f5 42. g3 Rd1+ 43. Rb1 Rxb1+ 44. Kxb1 Qb8+ 45. Qb2 1-0

[Event "Augustow qual zone MPJ+OOM U17 Girls"]
[Site "Augustow"]
[Date "2009.10.05"]
[Round "2.1"]
[White "Sieliwonik, Katarzyna"]
[Black "Gora, Joanna"]
[Result "1-0"]
[WhiteElo "1640"]
[BlackElo "1570"]
[PlyCount "71"]
[EventDate "2009.10.04"]
[EventType "tourn"]
[EventRounds "5"]
[EventCountry "POL"]
[SourceTitle "EXT 2023"]
[Source "ChessBase"]
[SourceDate "2022.10.05"]
[SourceVersion "1"]
[SourceVersionDate "2022.10.05"]
[SourceQuality "1"]

1. e4 c5 2. Nf3 g6 3. d4 Bg7 4. Nc3 cxd4 5. Nxd4 Nc6 6. Be3 Nf6 7. Bc4 0-0 8. 0-0 Nxe4 9. Nxe4 d5 10. Nxc6 bxc6 11. Bd3 dxe4 12. Bxe4 Qc7 13. c3 Rb8 14. Rb1 Be6 15. Qa4 Rfd8 16. Bxc6 Bxa2 17. Qxa2 Qxc6 18. Qxa7 Rb7 19. Qc5 Qa4 20. b4 Qd7 21. Bf4 Rc8 22. Rfd1 Qe8 23. Qd5 Rb6 24. c4 e5 25. Be3 Rbb8 26. c5 Rd8 27. Qc4 Rxd1+ 28. Rxd1 Qa4 29. Rb1 Rd8 30. g3 Kf8 31. c6 Rc8 32. Qc5+ Kg8 33. b5 Qa2 34. Rd1 Qb3 35. Qd5 Qc3 36. Qd7 1-0

[Event "Bialystok Bieluczyk Memorial-B 1st"]
[Site "Bialystok"]
[Date "2009.06.23"]
[Round "5"]
[White "Bobras, Jan"]
[Black "Sieliwonik, Katarzyna"]
[Result "1/2-1/2"]
[WhiteElo "1772"]
[BlackElo "1649"]
[PlyCount "179"]
[EventDate "2009.06.20"]
[EventType "swiss"]
[EventRounds "9"]
[EventCountry "POL"]
[SourceTitle "EXT 2012"]
[Source "ChessBase"]
[SourceDate "2011.11.24"]
[SourceVersion "1"]
[SourceVersionDate "2011.11.24"]
[SourceQuality "1"]

1. e4 c5 2. Nc3 Nc6 3. Nf3 g6 4. Bc4 Bg7 5. d3 Nf6 6. a3 d6 7. h3 0-0 8. 0-0 a6 9. Nd5 b5 10. Nxf6+ Bxf6 11. Bd5 Bb7 12. c3 e6 13. Bb3 d5 14. Bh6 Re8 15. exd5 exd5 16. d4 cxd4 17. cxd4 Na5 18. Bc2 Nc4 19. b3 Nd6 20. Be3 Ne4 21. Bd3 Rc8 22. Rc1 Qd7 23. Rxc8 Rxc8 24. Nh2 Qe7 25. Qa1 Bg7 26. Rc1 Rxc1+ 27. Qxc1 f5 28. Nf3 Bf8 29. b4 Nd6 30. Bh6 Bxh6 31. Qxh6 Qc7 32. Qd2 Ne4 33. Bxe4 dxe4 34. Ne5 Bd5 35. h4 Qd8 36. Qf4 Bb7 37. h5 Qxd4 38. hxg6 Qd1+ 39. Kh2 Qh5+ 40. Kg1 hxg6 41. Nxg6 Qxg6 42. Qb8+ Kg7 43. Qxb7+ Kh6 44. Qc7 Qf6 45. Qc1+ Kg6 46. g3 Qd6 47. Kg2 Qd5 48. Qc5 Qxc5 49. bxc5 Kf6 50. f3 a5 51. c6 Ke6 52. fxe4 fxe4 53. g4 b4 54. axb4 axb4 55. g5 b3 56. g6 b2 57. g7 Kf7 58. g8Q+ Kxg8 59. c7 b1Q 60. c8Q+ Kf7 61. Qd7+ Kf6 62. Qd6+ Kf5 63. Qd5+ Kf4 64. Qd2+ Ke5 65. Qg5+ Kd4 66. Qf6+ Kd3 67. Qd6+ Ke2 68. Qf4 e3 69. Qf3+ Kd2 70. Qd5+ Qd3 71. Qa5+ Qc3 72. Qd5+ Ke1 73. Qf3 Qd2+ 74. Kh3 Qf2 75. Qe4 Qf1+ 76. Kg3 Qf2+ 77. Kh3 Qe2 78. Kg3 Qf2+ 79. Kh3 Qd2 80. Qh1+ Ke2 81. Qg2+ Kd3 82. Qd5+ Kc2 83. Qc4+ Kd1 84. Qf1+ Kc2 85. Qc4+ Qc3 86. Qe2+ Kc1 87. Kg3 Qd2 88. Kf3 Qxe2+ 89. Kxe2 Kc2 90. Kxe3 1/2-1/2

[Event "POL-ch U16 Girls"]
[Site "Chotowa"]
[Date "2009.04.02"]
[Round "8"]
[White "Sieliwonik, Katarzyna"]
[Black "Sokolowska, Aneta"]
[Result "0-1"]
[WhiteElo "1670"]
[BlackElo "1687"]
[PlyCount "88"]
[EventDate "2009.03.28"]
[EventType "swiss"]
[EventRounds "11"]
[EventCountry "POL"]
[SourceTitle "EXT 2011"]
[Source "ChessBase"]
[SourceDate "2010.11.26"]
[SourceVersion "1"]
[SourceVersionDate "2010.11.26"]
[SourceQuality "1"]

1. e4 e6 2. d4 d5 3. Nc3 Nf6 4. e5 Nfd7 5. Nf3 a6 6. Bd3 c5 7. dxc5 Bxc5 8. 0-0 Nc6 9. Bf4 Qc7 10. Re1 Qb6 11. Re2 Qxb2 12. Na4 Qb4 13. c4 dxc4 14. Bd2 cxd3 15. Bxb4 dxe2 16. Qxe2 Bxb4 17. a3 Ba5 18. Rc1 Bc7 19. Nc5 Ndxe5 20. Nxe5 Bxe5 21. Nd3 Bd6 22. a4 0-0 23. h4 Nd4 24. Qe4 Nf5 25. h5 Bd7 26. Qxb7 Bxa4 27. Qe4 Bb5 28. Rd1 Rac8 29. Ne1 Rc4 30. Qf3 Rh4 31. g3 Nd4 32. Qe3 Nf5 33. Qf3 Rb4 34. Rc1 Rc4 35. Rd1 Rfc8 36. Ng2 Rc2 37. Nf4 Bc5 38. Nd3 Bxd3 39. Qxd3 Bxf2+ 40. Kh1 Nxg3+ 41. Kh2 Bb6+ 42. Kh3 Nxh5 43. Qxa6 Nf4+ 44. Kg3 Nd5 0-1

[Event "POL-ch U16 Girls"]
[Site "Leba"]
[Date "2008.04.02"]
[Round "6"]
[White "Barburzynska, Magdalena"]
[Black "Sieliwonik, Katarzyna"]
[Result "1-0"]
[WhiteElo "1831"]
[BlackElo "1696"]
[PlyCount "83"]
[EventDate "2008.03.29"]
[EventType "swiss"]
[EventRounds "11"]
[EventCountry "POL"]
[SourceTitle "CBM 123 Extra"]
[Source "ChessBase"]
[SourceDate "2008.05.06"]
[SourceVersion "1"]
[SourceVersionDate "2008.05.06"]
[SourceQuality "1"]

1. e4 c5 2. Nf3 Nc6 3. d4 cxd4 4. Nxd4 g6 5. c4 Bg7 6. Be3 Nf6 7. Nc3 d6 8. Be2 Bd7 9. Nc2 0-0 10. 0-0 Ne8 11. Rb1 Nc7 12. Nd5 Rc8 13. b4 Nxd5 14. exd5 Ne5 15. Na3 Bf5 16. Rb3 a6 17. g4 Bd7 18. f4 Nxc4 19. Nxc4 Ba4 20. Bb6 Bxb3 21. Qxb3 Qd7 22. Be3 Rc7 23. Bb6 Rcc8 24. Rd1 Qb5 25. a4 Qd7 26. Rd3 Bh6 27. g5 Bg7 28. Rg3 Qf5 29. Qd3 Qxf4 30. Be3 Qh4 31. Bf2 b5 32. axb5 axb5 33. Nb6 Rc1+ 34. Kg2 Be5 35. Nd7 Rc3 36. Qxb5 Bxg3 37. hxg3 Qe4+ 38. Kg1 Rc1+ 39. Bf1 Rfc8 40. Kh2 R8c2 41. Qb8+ Kg7 42. Qf8# 1-0

[Event "Bialystok U20"]
[Site "Bialystok"]
[Date "2008.01.23"]
[Round "5"]
[White "Jarczewski, Marcin"]
[Black "Sieliwonik, Katarzyna"]
[Result "1-0"]
[WhiteElo "1840"]
[BlackElo "1678"]
[PlyCount "83"]
[EventDate "2008.01.21"]
[EventType "swiss"]
[EventRounds "9"]
[EventCountry "POL"]
[SourceTitle "EXT 2010"]
[Source "ChessBase"]
[SourceDate "2010.11.25"]
[SourceVersion "1"]
[SourceVersionDate "2010.11.25"]
[SourceQuality "1"]

1. d4 d5 2. c4 e6 3. Nf3 Nf6 4. Bg5 Be7 5. e3 a6 6. cxd5 Nxd5 7. Bxe7 Qxe7 8. Nc3 Nf6 9. Rc1 b6 10. Qa4+ c6 11. Bd3 Bb7 12. 0-0 0-0 13. Ne4 Nfd7 14. Ne5 Nxe5 15. dxe5 c5 16. Qc2 Nc6 17. f4 Nb4 18. Qb3 a5 19. Bb1 a4 20. Qd1 Nxa2 21. Nf6+ Kh8 22. Qh5 h6 23. Bxa2 Rfd8 24. Bb1 Rd2 25. Rc2 Rad8 26. Rxd2 Rxd2 27. Rf2 Rxf2 28. Kxf2 c4 29. Ne4 Ba8 30. Nd6 Kg8 31. f5 exf5 32. Qxf5 g6 33. Qc8+ Qf8 34. Qxf8+ Kxf8 35. Nxc4 b5 36. Nd6 b4 37. Ba2 Ke7 38. Bxf7 g5 39. g3 Kd7 40. Ke2 Kc6 41. Kd3 Kc5 42. Ne4+ 1-0

[Event "Bialystok U20"]
[Site "Bialystok"]
[Date "2008.01.22"]
[Round "4"]
[White "Sieliwonik, Katarzyna"]
[Black "Zwolan, Anna"]
[Result "1-0"]
[WhiteElo "1678"]
[BlackElo "1635"]
[PlyCount "112"]
[EventDate "2008.01.21"]
[EventType "swiss"]
[EventRounds "9"]
[EventCountry "POL"]
[SourceTitle "EXT 2010"]
[Source "ChessBase"]
[SourceDate "2010.11.25"]
[SourceVersion "1"]
[SourceVersionDate "2010.11.25"]
[SourceQuality "1"]

1. e4 c5 2. Nf3 Nc6 3. d4 cxd4 4. Nxd4 g6 5. Nc3 Bg7 6. Be3 Nf6 7. Bc4 Qa5 8. 0-0 0-0 9. Bb3 d6 10. h3 a6 11. f4 Nh5 12. Nce2 Bd7 13. f5 Qe5 14. Bd5 e6 15. Nxc6 Qxb2 16. Rb1 Qa3 17. Ne7+ Kh8 18. Bxb7 Qxe3+ 19. Rf2 Rae8 20. Qxd6 Bb5 21. Re1 Ng3 22. Qxg3 Qxg3 23. Nxg3 Rxe7 24. Bxa6 Be5 25. Bxb5 Bxg3 26. f6 Bxf2+ 27. Kxf2 Rc7 28. c4 Rd8 29. Ke3 Rc5 30. g4 h5 31. Rg1 hxg4 32. hxg4 Rc7 33. a4 e5 34. a5 Rd4 35. a6 Ra7 36. Ra1 Kg8 37. Ra4 Rd8 38. Bc6 Rd6 39. Bb7 Rxf6 40. c5 Re6 41. c6 Re7 42. Rc4 Rc7 43. Rc5 Kf8 44. Rxe5 Rxc6 45. Bxc6 Rxa6 46. Re8+ Kg7 47. Bb5 Ra3+ 48. Kf4 Ra5 49. Re5 Ra1 50. g5 Ra7 51. Rd5 Rb7 52. Bc4 Rc7 53. Bb5 Rb7 54. Rc5 Rb6 55. Bc4 Rb7 56. Bd5 Ra7 1-0

[Event "POL-ch PL+LU U15 Girls"]
[Site "Augustow"]
[Date "2007.10.09"]
[Round "9.1"]
[White "Sieliwonik, Katarzyna"]
[Black "Filipkowska, Olga"]
[Result "0-1"]
[WhiteElo "1707"]
[BlackElo "1600"]
[PlyCount "98"]
[EventDate "2007.10.08"]
[EventType "tourn"]
[EventRounds "9"]
[EventCountry "POL"]
[SourceTitle "EXT 2023"]
[Source "ChessBase"]
[SourceDate "2022.10.05"]
[SourceVersion "1"]
[SourceVersionDate "2022.10.05"]
[SourceQuality "1"]

1. e4 e5 2. Nf3 d6 3. d4 exd4 4. Nxd4 c5 5. Nb3 Nc6 6. Nc3 Nf6 7. Bg5 Be7 8. Bc4 Be6 9. Be2 h6 10. Bh4 a6 11. Bf3 Qd7 12. 0-0 0-0 13. a4 Rad8 14. Qe2 Bxb3 15. cxb3 Nd4 16. Qd1 b5 17. Re1 b4 18. Ne2 Nxf3+ 19. gxf3 Nh5 20. Bg3 f5 21. Kh1 f4 22. Qd5+ Kh8 23. Qxh5 fxg3 24. fxg3 Qe6 25. Nf4 Rxf4 26. gxf4 Qxb3 27. Re2 c4 28. Qg4 c3 29. bxc3 Qxc3 30. Qg2 Qxa1+ 31. Qg1 Qxg1+ 32. Kxg1 Rb8 33. e5 dxe5 34. fxe5 g5 35. Kg2 Kg7 36. Kg3 Kg6 37. h3 Kf5 38. Re1 b3 39. e6 b2 40. Rb1 Kxe6 41. Kg4 Kf7 42. Kh5 Bf8 43. a5 Bg7 44. h4 gxh4 45. Kxh4 Rb5 46. Kg4 Rxa5 47. f4 Rc5 48. f5 Rc1 49. Rxb2 Bxb2 0-1

[Event "POL-ch PL+LU U15 Girls"]
[Site "Augustow"]
[Date "2007.10.09"]
[Round "1.5"]
[White "Sieliwonik, Katarzyna"]
[Black "Leonowicz, Monika"]
[Result "1-0"]
[WhiteElo "1707"]
[BlackElo "1400"]
[PlyCount "29"]
[EventDate "2007.10.08"]
[EventType "tourn"]
[EventRounds "9"]
[EventCountry "POL"]
[SourceTitle "EXT 2023"]
[Source "ChessBase"]
[SourceDate "2022.10.05"]
[SourceVersion "1"]
[SourceVersionDate "2022.10.05"]
[SourceQuality "1"]

1. e4 d5 2. exd5 Qxd5 3. Nc3 Qa5 4. Nf3 Nf6 5. Be2 Nc6 6. 0-0 Bg4 7. d4 0-0-0 8. Be3 e5 9. Bg5 Nxd4 10. Nxd4 Rxd4 11. Bxf6 Bxe2 12. Qxe2 gxf6 13. Rad1 h5 14. Rxd4 exd4 15. Qe8# 1-0

[Event "Augustow op"]
[Site "Augustow"]
[Date "2007.08.27"]
[Round "6.6"]
[White "Bartoszewicz, Marcin"]
[Black "Sieliwonik, Katarzyna"]
[Result "1-0"]
[WhiteElo "1992"]
[BlackElo "1759"]
[PlyCount "49"]
[EventDate "2007.08.24"]
[EventType "swiss"]
[EventRounds "9"]
[EventCountry "POL"]
[SourceTitle "EXT 2023"]
[Source "ChessBase"]
[SourceDate "2022.10.05"]
[SourceVersion "1"]
[SourceVersionDate "2022.10.05"]
[SourceQuality "1"]

1. e4 c5 2. Nf3 Nc6 3. d4 cxd4 4. Nxd4 g6 5. Nc3 Bg7 6. Be3 Nf6 7. Bc4 Qa5 8. 0-0 0-0 9. h3 d6 10. Qd2 Bd7 11. Rad1 Rac8 12. Bb3 Ne5 13. Nd5 Qd8 14. Nxf6+ Bxf6 15. Qe2 Nc6 16. Kh1 Na5 17. f4 Nxb3 18. axb3 Bc6 19. e5 Bg7 20. exd6 Qxd6 21. Nf5 Qc7 22. Nxg7 Kxg7 23. f5 Be4 24. Bd4+ e5 25. fxe6+ 1-0